000 00578nam a2200181 i 4500
001 22810
003 ES-MaACL
005 20230906152747.0
007 t|
008 021204s1943 sp ||||1| spa d
100 0 _aAloy y Flo, David B.
_920455
245 1 0 _aManual de luminotécnia /
_cpor David B. Aloy Flo ; prólogo de F. Vidal Burdils.
250 _a2ª ed.
260 _aBarcelona :
_bLabor,
_c1943 (
_fTalls. Gráfs. Iberoamericanos)
300 _aXI, 512 p., 35 lám. :
_bil. ;
_c22 cm.
700 1 _aVidal Burdils, F.
_9114470
852 _aES-MaACL
_jF-15901
_bR.20624
999 _c22810
_d22810